Statistics for Guess the disney princesses

Click here to take the quiz!

General Stats

  • This quiz has been taken 46 times
  • The average score is 12 of 15

Answer Stats

HintAnswer% Correct
bibitibabbati boCinderella
95%
Frozen magicElsa
92%
How many meters of hair?Rapunzel
92%
red appelSnow white
92%
Loves her sisters powerAnna
90%
Sleeps all nigthAurora
90%
stong on a rose loves a beastBelle
90%
Rice and warMulan
87%
Have a tailAriel
85%
Loves a frogTiana
85%
Card and white rabbitAlice
82%
bear bow and arrowMerida
77%
What do you wish for?Jasmine
67%
Grandmother willowPocahontas
67%
Daughter of the seaMoana
59%

Score Distribution

Percentile by Number Answered

Percent of People with Each Score

Your Score History

You have not taken this quiz